Quizzes
Events
Quiz Creation
Community
Videos
Private Events
Remove Ads
Sign In
Join for FREE
Feedback
Dark Mode
Quiz Categories
Sports
Geography
Music
Movies
Television
Just For Fun
Miscellaneous
History
Literature
Language
Science
Gaming
Entertainment
Religion
Holiday
For Kids
Quiz Lab
Recent
Popular Today
Quiz Kudos Today
Editor Picks
Curator Picks
Quizzes by...
Day
Popularity
Type
Ratings
Length
Year
Community
Subscriptions
Recent Discussions
Orange Saloon
Badges
Playlists
Quests
Create
Leaderboards
Showdown
Live 5
Trivia Bingo
Activity
Puzzle Library
Sporcle Events
Private Events
Virtual Trivia
Globe League
Become a Host
Pub Owners
SporcleCon
Opinionation
Our Games
Videos
Blog
Mobile Apps
Partnerships
Remove Ads and Go Orange
Feedback
Science
Computer
Plants
Astronomy
Chemistry
Elements
Math
Animal
Physics
Anatomy
Biology
Geology
General Science
Science
Computer
Plants
Astronomy
Chemistry
Elements
Math
Animal
Physics
Anatomy
Biology
Geology
General Science
Random Quiz
Search Sporcle
×
Quiz Lab
Quiz Lab
Science
group
Type in answers that appear in a list
Type in answers that appear in a list
Classic
Best Score? Go Orange.
Families of the Periodic Table Stats
Can you name the Families of the Periodic Table?
By
farmdizzle
60s
4 Questions
132 Plays
132 Plays
132 Plays
Comments
Comments
Give Quiz Kudos
Give Quiz Kudos
-
- Ratings
hide this ad
Replay
Link that replays current quiz
Next Quiz
Link to next quiz in quiz playlist
You Got
0%
They Got
Avg Score
72%
Avg Friend Score
Upgrade to see
Score Distribution
Jump to the score distribution portion of the page
Score
0/4
Timer
01:00
0
Plays Today
Group
Family
% Correct
IA
Alkali Metals
80.3%
VIIA
Halogens
75.8%
VIII
Noble Gases
75%
IIA
Alkaline Earth Metals
60.6%
Quiz Playlist
Details
Report
Send in Message
Add To Playlist
Classic:
Type in answers that appear in a list
Last Updated: Feb 16, 2017
Quiz Scoreboard
CHALLENGE
Sign Up to Join the Scoreboard
Show All
Scores
Hide
Comments
May contain spoilers
Recently Published
Decade Duel: World Leaders
by jenniferyan
History
4m
Alphabetical 'K' Countries by Flag Minefield
by ylime102
Geography
3m
Pick 6: Fruits
by JohnFran
Miscellaneous
15s
More to Explore
Quiz From the Vault
Featured Blog Post
15 Basketball Trivia Facts You Can Be March Mad About
hide this ad
You Might Also Like...
Tags
Family
group
Periodic Table
Table
Today's Top Quizzes in Science
Browse Science
hide this ad
Today's Top Quizzes in group
Browse group
Top Contributed Quizzes in Science
1
Pick 6: Animals
2
Find the Spring Animals
3
Group Clicking: Animals II
4
The First 100 Digits of Pi
5
Flowers by Accent Chairs
6
Why is the sky blue? And other physics questions.
7
Square Numbers Scrambled (1-50)
8
Needlepoint Flowers
9
Needlepoint Flowers II
10
what months are considered part of the spring season/us
Explore More
Trending Topics
Anime
Crossword
Disney
Kpop
Harry Potter
NBA
Marvel
Song
The Office
Pokémon
Puzzle
Soccer
WWE
Country
NFL
hide this ad
More By:
farmdizzle
Quiz
Plays
Rating
Category
Featured
Created
Valence Electrons of Elements
5,630
1.75
Science
Apr 1, 2010
Electron Configurations
312
3.00
Science
Apr 1, 2010
Digits of Mole
152
1.55
Science
Mar 26, 2010
Families of the Periodic Table
132
2.00
Science
Apr 1, 2010
Oxidation Numbers of Groups
75
1.00
Science
Apr 1, 2010
Go to Creator's Profile
Score Distribution
Quiz Creator Spotlight
farmdizzle
Follow
Send a Message
Quizzes Created
-
Created Quiz Play Count
-
More By This Creator
Popular Quizzes Today
1
Countries of Asia Without Outlines Minefield
2
Find the US States - No Outlines Minefield
3
Pick 6: Fruits
4
Alphabetical 'K' Countries by Flag Minefield
5
The Countries of the World
6
Find the Countries of Europe - No Outlines Minefield
7
Find the US States
8
US States
More Science Quizzes
Elements in One or Two Words
Curator's Pick
Trending Quizzes
Pick 6: Mountains
Pick 6: Harry Potter
Pick 6: Flags
Pick 6: NFL Teams
Pick 6: Movie Franchises
Recently Updated
Adaptations: Name the Title
pecheneg
NWSL Teams
pecheneg
Women's Final Four Teams by Year
bhenderson79
Presidents Quartet II
eogle
Anything But Clue(do)
eogle
Anything But Oceanian Capitals
eogle
Anything But 7
eogle
Anything But Thing
eogle
Word Ladder: February 29
pecheneg
Song Title Questions
pecheneg
Trending Topics
NBA
Kpop
Anime
Crossword
Disney
Harry Potter
Marvel
Song
Pokémon
WWE
Soccer
Puzzle
NFL
The Office
Country
Your Account Isn't Verified!
In order to create a playlist on Sporcle, you need to verify the email address you used during registration. Go to your
Sporcle Settings
to finish the process.
Report this User
Report this user for behavior that violates our
Community Guidelines
.
Details:
Send Report
Go to the Sporcle.com Mobile Site →
Comments